000 01560namaa22003251i 4500
005 20260430121651.0
008 260430s1994 ua a|||frm||| 000 0 eng d
040 _aEG-GICUC
_beng
_cEG-GICUC
_dEG-GICUC
_erda
041 0 _aeng
_beng
_bara
049 _aDeposit
097 _aM.Sc
099 _aCai01.11.32.M.Sc.1994.Sa.C
100 0 _aSahar Mohamed Al - Emam,
_epreparation.
245 1 0 _aCorrelation of C- Reactive protein and some Clinical and Laboratory parameters of disease activity in rheumatoid arthritis /
_cBy Sahar Mohamed Al - Emam ; Supervisors Prof. Dr. Samir Ahmed El - Badawy, Dr. Samia Zaki Hassan, Dr. Laila Abdel Rahman Hegazi
246 1 5 _aالعلاقة بين معامل البروتين المتفاعل "ج" وبعض المعاييرالاكلينكية والمعملية في نشاط مرض الروماتويد المفصلي
264 0 _c1994.
300 _a128 Leaves
_billustrations
_c30 cm. +
336 _2rda content
_atext
337 _2rdamedia
_aUnmediated
338 _2rdacarrier
_avolume
502 _aThesis (M.Sc.)-Cairo University,
504 _aBibliography: pages 97-128
653 0 _adisease activity in rheumatoid arthritis
700 0 _aSamir Ahmed El - Badawy
_ethesis advisor.
700 0 _aSamia Zaki Hassan
_ethesis advisor.
700 0 _aLaila Abdel Rahman Hegazi
_ethesis advisor.
900 _DDepartment of Rheumatology
_FFaculty of Medicine
_UCairo University
_b1994
_cSamir Ahmed El - Badawy
_cSamia Zaki Hassan
_cLaila Abdel Rahman Hegazi
905 _aNehad
942 _2ddc
_cTH
_e21
_n0
999 _c179856